000 00593cam a22002291 4500
001 sa 65000755
003 DLC
005 20260227112105.0
008 900221s1963 ii 000 0 sano
010 _asa 65000755
035 _a(OCoLC)21104465
040 _aDLC
_cWaU
_dDLC
041 0 _asanhin
042 _apremarc
050 0 0 _aPK575
_b.D9
100 1 _aDvivedī, Kapiladeva,
_d1919-
245 1 0 _aRacanānuvāda-kaumudī.
260 _c[1963]
300 _a16, 272 p.
_c22 cm.
500 _aIn Sanskrit; notes and explanations in Hindi.
650 0 _aSanskrit language
_xGrammar.
999 _c61721
_d61721